RELIK 2023 reprodukce lidského kapitálu - vzájemné vazby a souvislosti

Na minha lista:
Detalhes bibliográficos
Autor Corporativo: RELIK 2023 : reprodukce lidského kapitálu - vzájemné vazby a souvislosti. Mezinárodní vědecká konference
Formato: Livro
Idioma:inglês
eslovaco
tcheco
Publicado em: Praha Vysoká škola ekonomická v Praze 2023
Edição:1. vydání
Assuntos:
Tags: Adicionar Tag
Sem tags, seja o primeiro a adicionar uma tag!

MARC

LEADER 00000nlm a2200000 4500
001 0298121
005 20250113080852.4
020 |a 978-80-245-2499-3 
041 0 |a eng 
041 0 |a slo 
041 0 |a cze 
044 |a CZ 
245 1 0 |a RELIK 2023  |b reprodukce lidského kapitálu - vzájemné vazby a souvislosti 
250 |a 1. vydání 
264 1 |a Praha  |b Vysoká škola ekonomická v Praze  |c 2023 
300 |a [626 s.] 
610 2 0 |a kapitál ľudský 
610 2 0 |a zdroje ľudské 
610 2 0 |a reprodukcia obyvateľstva 
610 2 0 |a starnutie populácie 
610 2 0 |a demografia 
110 2 |a RELIK 2023 : reprodukce lidského kapitálu - vzájemné vazby a souvislosti. Mezinárodní vědecká konference